Music Quiz

Random Music or Artist Quiz

UK Top 40 Best Songs Quiz Stats

 Plays Quiz Updated Oct 12, 2018

Score 0/40 Timer 08:00
6 Plays Today
Artist Song Title % Correct
John LennonImagine
83.1%
QueenBohemian Rhapsody
82.7%
OasisWonderwall
78.5%
NirvanaSmells Like Teen Spirit
73.9%
EaglesHotel California
62.5%
The BeatlesHey Jude
58.7%
ABBADancing Queen
56.6%
Led ZeppelinStairway To Heaven
55.6%
Michael JacksonBillie Jean
54.5%
The VerveBitter Sweet Symphony
49.4%
Guns N RosesSweet Child O' Mine
47.4%
R.E.M.Losing My Religion
46.7%
Robbie WilliamsAngels
45.5%
RadioheadCreep
42.2%
The BeatlesLet It Be
40.2%
Simon and GarfunkelBridge Over Troubled Water
40.1%
U2One
39.8%
OasisDon't Look Back In Anger
37.3%
The BeatlesYesterday
33.1%
The Beach BoysGood Vibrations
32.8%
Artist Song Title % Correct
The WhoMy Generation
31.7%
Bruce SpringsteenBorn To Run
31.4%
The Jimi Hendrix ExperienceAll Along The Watchtower
31.2%
U2With Or Without You
30.6%
R.E.M.Everybody Hurts
29%
Bob Marley & The WailersNo Woman No Cry
28.9%
Procol HarumA Whiter Shade Of Pale
27.6%
Bob DylanLike A Rolling Stone
25.8%
Kate BushWuthering Heights
25.7%
MadonnaLike A Prayer
24.9%
Joy DivisionLove Will Tear Us Apart
21.7%
The BeatlesPenny Lane / Strawberry Fields Forever
21.1%
The UndertonesTeenage Kicks
16.9%
The KinksWaterloo Sunset
15.5%
The Beach BoysGod Only Knows
15%
RadioheadParanoid Android
14.9%
OasisLive Forever
14.7%
Elvis PresleySuspicious Minds
13%
The Beatles*A Day In The Life
12.8%
Massive AttackUnfinished Sympathy
7.7%

You're not logged in!

Compare scores with friends on all Sporcle quizzes.
OR
Log In

Sporcle TV

Today on Sporcle TV


Watch our educational content, quiz creation guides, and fun videos on Sporcle TV.

Show Comments

Extras

Top Quizzes Today


Score Distribution

Your Account Isn't Verified!

In order to create a playlist on Sporcle, you need to verify the email address you used during registration. Go to your Sporcle Settings to finish the process.

Report this User

Report this user for behavior that violates our Community Guidelines.

Details: